|
|
|
|
| LEADER |
01110nam a2200289 u 4500 |
| 001 |
10058560 |
| 003 |
upatras |
| 005 |
20210117200924.0 |
| 008 |
061129s1966 fr fre |
| 040 |
|
|
|a ΠΑΝΕΠΙΣΤΗΜΙΟ ΠΑΤΡΑΣ
|c ΠΑΝΕΠΙΣΤΗΜΙΟ ΠΑΤΡΑΣ
|
| 041 |
0 |
|
|a fre
|
| 082 |
0 |
4 |
|a 613.907 1
|
| 100 |
1 |
|
|a Delarge, Bernadette
|9 50935
|
| 245 |
1 |
0 |
|a La vie et l'amour
|c Bernadette Delarge, Docteur Emin
|
| 250 |
|
|
|a 6e rev. et modifee ed.
|
| 260 |
|
|
|a Paris
|b Editions Universitaires
|c 1966
|
| 300 |
|
|
|a 143 p.
|b ill.
|c 21 cm.
|
| 490 |
0 |
|
|a Pour mieux vivre
|
| 504 |
|
|
|a Includes bibliographical references
|
| 650 |
|
4 |
|a Σεξουαλική αγωγή για εφήβους
|9 44582
|
| 700 |
1 |
|
|a Emin, Docteur
|9 50936
|
| 760 |
0 |
|
|a Pour mieux vivre
|
| 852 |
|
|
|a GR-PaULI
|b ΠΑΤΡΑ
|b ΠΤΔΕ
|k ΑΣΧΞ
|h 613.907 1 DEL
|m 2187
|p 025000031608
|t 1
|
| 942 |
|
|
|2 ddc
|c BK15
|
| 952 |
|
|
|0 0
|1 0
|4 0
|6 613_907000000000000_1_DEL
|7 0
|9 54891
|a PTDE
|b PTDE
|d 2016-04-24
|i 2187
|l 0
|o 613.907 1 DEL
|p 025000031608
|r 2016-04-24 00:00:00
|t 1
|w 2016-04-24
|y BK15
|
| 998 |
|
|
|c ΤΣΕΝΕ
|d 2006-11
|
| 999 |
|
|
|c 34961
|d 34961
|